ნორმალური ფორმატი
MARC ფორმატი
ჩანაწერი Personal Name
ჩანაწერთა რაოდენობა, რომელიც გამოყენებულია: 1
001 - CONTROL NUMBER
- control field: 10565
003 - CONTROL NUMBER IDENTIFIER
- control field: GE_BSU
005 - DATE AND TIME OF LATEST TRANSACTION
- control field: 20210318143625.0
008 - FIXED-LENGTH DATA ELEMENTS
- fixed length control field: 210318|| aca||aabn | a|a d
040 ## - CATALOGING SOURCE
- Original cataloging agency: GE_BSU
- Transcribing agency: GE_BSU
100 ## - HEADING--PERSONAL NAME
- Personal name: ჩხეიძე, რ.
- Relator term: მეცნ. ხელმძღვანელი
670 ## - SOURCE DATA FOUND
- Source citation: Work cat.: (GE_BSU)51967: აბაშიძე, რ. 10564, კოტე ხიმშიაშვილის ცხოვრება და შემოქმედება
